| 000 | 01209nas a2200301 4500 | ||
|---|---|---|---|
| 001 | BR8103420 | ||
| 003 | BR-BrBNA | ||
| 005 | 20231205084753.0 | ||
| 007 | ta | ||
| 008 | 230509b bl.|||p| |||| 00| 00por d | ||
| 040 |
_aBR-BrBNA _bpor _cBiblioteca Nacional de Agricultura |
||
| 041 | _a(Pt) | ||
| 072 | _aL73 | ||
| 100 | 1 | _aNarita, H. | |
| 100 | 1 | _aHipolito, O. | |
| 100 | 1 | _aBottino, J.A. | |
| 111 | 1 |
_a16. Congresso Mundial de Avicultura _cRio de Janeiro, RJ (Brazil) _d1979 |
|
| 245 | 1 | _aEstudo sobre a coriza infecciosa das galinhas, 1: caracteres culturais, bioquimicos e sorologicos de 17 amostras de Haemophilus isoladas no Brasil [Bacteria] | |
| 246 | 1 | _aStudies on infectious coryza of chickens, 1: cultural biochemical and serological characteristics of 17 strains of Haemophilus isolated in Brazil [Bacteria] | |
| 650 | _aDoenca animal | ||
| 650 | _aGalinha | ||
| 650 | _aCoriza infecciosa | ||
| 650 | _aBacteria | ||
| 650 | _aAnalise quimica | ||
| 773 | 0 |
_tRevista da Faculdade de Medicina Veterinaria e Zootecnia da Universidade de Sao Paulo (Brazil) _xISSN 0303-7525 _g(1980), v. 17(1-2) p. 29-31 _wBR8103420 |
|
| 909 |
_a202311 _bLúcia _c55 _dLúcia Elande |
||
| 942 |
_2AGRIS _n0 _cANA |
||
| 999 |
_c107183 _d107183 |
||